| 000 | 00870nam a2200253Ia 4500 | ||
|---|---|---|---|
| 003 | OSt | ||
| 005 | 20220930080933.0 | ||
| 006 | a|||||r|||| 00| 0 | ||
| 007 | ta | ||
| 008 | 220926b |||||||| |||| 00| 0 eng d | ||
| 024 | _a99958 | ||
| 037 | _cTheses | ||
| 040 |
_aCRL _cCRL _beng |
||
| 041 |
_2eng _aeng |
||
| 100 |
_aAbat Jasmeet Kaur _9540220 |
||
| 110 |
_aUniversity of Delhi. Facaulty of Science. Department of Botany _9540221 |
||
| 245 | 0 |
_aS nitrosoproteome analysis and target validation from kalanchoe pinnata and brassica juncea _b differntial modulation of B Juncea S nitrosylome by cold stress |
|
| 260 | _c2009 | ||
| 650 | _aBOTANY | ||
| 700 | _a Dr. Renu Deswal Gu. | ||
| 700 |
_aUniversity of Delhi. Facaulty of Science. Department of Botany _9540222 |
||
| 942 |
_cDIS _2CC |
||
| 999 |
_c870683 _d870683 |
||